Deutsche KFZ Kennzeichen (leicht) - Statistiken

Allgemein
  • Dieses Quiz wurde 265 mal gespielt
  • Das Durchschnittsergebnis liegt bei 11 aus 14
Answers on the Grid
Answers color-coded by a green-red scale on the quiz's grid according to % correct below.
B
D
L
F
HH
DD
S
AA
AD
CD
USB
HB
USW
A
AAA
ZB
BSP
CDU
DU
BN
BYD
DFB
DO
HER
 
Antwortstatistiken
Antwort % Korrekt
A
89%
HH
89%
B
88%
D
88%
F
88%
L
85%
S
85%
HB
81%
DD
80%
DO
80%
DU
76%
BN
75%
AA
74%
HER
62%
Keine übereinstimmenden Quizze gefunden
Verteilung der Resultate
Anzahl Personen mit jedem Resultat
Perzentil nach korrekt beantworteten Fragen
Ihre Resultats-Entwicklung
Sie haben dieses Quiz noch nicht gespielt